[Event "AUT_chT"]
[Site "2005/2006"]
[Date "2006.03.25"]
[Round "10"]
[White "Atlas, Valeri"]
[Black "Dobosz, Henryk"]
[Result "1/2-1/2"]
[WhiteElo "2480"]
[BlackElo "2433"]
[PlyCount "36"]
[EventDate "2005.10.??"]
[EventType "team"]
[EventRounds "11"]
[EventCountry "AUT"]
[WhiteTeam "Hohenems"]
[BlackTeam "Sparkasse Goetzis"]
[WhiteTeamCountry "AUT"]
[BlackTeamCountry "AUT"]

1. e4 e5 2. Nf3 Nc6 3. Bc4 Nf6 4. d3 Be7 5. O-O d6 6. a4 a5 7. Nc3 O-O 8. Ne2
Be6 9. Bxe6 fxe6 10. Ng3 Qe8 11. Ng5 Bd8 12. h4 h6 13. Nh3 Qg6 14. h5 Qg4 15.
Qxg4 Nxg4 16. f3 Nf6 17. c3 Be7 18. Kf2 Nd7 1/2-1/2

[Event "AUT_chT"]
[Site "2005/2006"]
[Date "2006.03.25"]
[Round "10"]
[White "Eisenbeiser, Amadeus"]
[Black "Naumann, Alexander"]
[Result "0-1"]
[WhiteElo "2373"]
[BlackElo "2532"]
[PlyCount "58"]
[EventDate "2005.10.??"]
[EventType "team"]
[EventRounds "11"]
[EventCountry "AUT"]
[WhiteTeam "Sparkasse Goetzis"]
[BlackTeam "Hohenems"]
[WhiteTeamCountry "AUT"]
[BlackTeamCountry "AUT"]

1. e4 e5 2. Nf3 Nc6 3. Bb5 Nf6 4. d3 d6 5. O-O Bd7 6. c3 g6 7. Re1 Bg7 8. d4
O-O 9. Bf1 Bg4 10. dxe5 Nxe5 11. Be2 Re8 12. Nxe5 Bxe2 13. Rxe2 Rxe5 14. f3 d5
15. Bf4 Re6 16. exd5 Rxe2 17. Qxe2 Nxd5 18. Bg3 h5 19. Nd2 h4 20. Bf2 Nf4 21.
Qe1 h3 22. g3 Nd3 23. Qe2 Nxb2 24. Rb1 Bxc3 25. Ne4 Bg7 26. Be3 Na4 27. Rxb7
Nb6 28. Qc2 Nd5 29. Bxa7 Rxa7 0-1

[Event "AUT_chT"]
[Site "2005/2006"]
[Date "2006.03.25"]
[Round "10"]
[White "Hengl, Christian"]
[Black "Novkovic, Milan"]
[Result "0-1"]
[WhiteElo "2232"]
[BlackElo "2402"]
[PlyCount "108"]
[EventDate "2005.10.??"]
[EventType "team"]
[EventRounds "11"]
[EventCountry "AUT"]
[WhiteTeam "Sparkasse Goetzis"]
[BlackTeam "Hohenems"]
[WhiteTeamCountry "AUT"]
[BlackTeamCountry "AUT"]

1. e4 c5 2. Nc3 Nc6 3. g3 g6 4. Bg2 Bg7 5. d3 d6 6. f4 Rb8 7. Nf3 b5 8. O-O b4
9. Ne2 Bg4 10. h3 Bxf3 11. Bxf3 Nd4 12. Nxd4 Bxd4+ 13. Kg2 Nf6 14. g4 Nd7 15.
Qe1 Bg7 16. Rb1 Qb6 17. h4 Qa6 18. Be3 Qxa2 19. Qc1 a5 20. Ra1 Qxb2 21. Qxb2
Bxb2 22. Rxa5 O-O 23. Ra7 Rfd8 24. g5 e6 25. h5 Nf8 26. f5 Rd7 27. Ra2 Be5 28.
Bg4 Rdb7 29. Bf4 Bxf4 30. Rxf4 gxh5 31. Bxh5 e5 32. Rf3 Nd7 33. Ra6 Nb6 34. Rh3
Ra8 35. Rxa8+ Nxa8 36. f6 Nb6 37. Bg4 Nd7 38. Bf5 Nf8 39. Kf3 b3 40. cxb3 Rxb3
41. Ke2 c4 42. dxc4 Rxh3 43. Bxh3 h6 44. Kf3 hxg5 45. Kg4 Ne6 46. Kg3 Kh7 47.
Bf5+ Kh6 48. Bxe6 fxe6 49. Kg4 Kg6 50. f7 Kxf7 51. Kxg5 Ke7 52. Kh5 Kd7 53. Kg5
Kc6 54. Kf6 Kc5 0-1

[Event "AUT_chT"]
[Site "2005/2006"]
[Date "2006.03.25"]
[Round "10"]
[White "Gyimesi, Zoltan"]
[Black "Balogh, Csaba"]
[Result "1-0"]
[WhiteElo "2602"]
[BlackElo "2561"]
[PlyCount "99"]
[EventDate "2005.10.??"]
[EventType "team"]
[EventRounds "11"]
[EventCountry "AUT"]
[WhiteTeam "Union Ansfelden"]
[BlackTeam "Admiral Fuerstenfeld"]
[WhiteTeamCountry "AUT"]
[BlackTeamCountry "AUT"]

1. d4 Nf6 2. c4 e6 3. Nf3 b6 4. g3 Ba6 5. Qa4 Bb7 6. Bg2 c5 7. dxc5 bxc5 8. O-O
Be7 9. Nc3 O-O 10. Bf4 Qb6 11. Rfd1 h6 12. Rd2 g5 13. Bxb8 Raxb8 14. Ne5 Bxg2
15. Kxg2 Rfc8 16. Rad1 d6 17. Nf3 g4 18. Ne1 Qc6+ 19. Qxc6 Rxc6 20. b3 a6 21.
Nd3 Bd8 22. Ne5 Rcc8 23. Rxd6 Bc7 24. Nd7 Bxd6 25. Nxf6+ Kg7 26. Nd7 Bf8 27.
Nxb8 Rxb8 28. Rd7 Kg6 29. h3 h5 30. Na4 Rc8 31. Nb2 e5 32. e4 f5 33. f3 Kf6 34.
Rd5 gxh3+ 35. Kxh3 fxe4 36. fxe4 Ke6 37. Nd3 Bd6 38. Kh4 a5 39. Kxh5 a4 40.
bxa4 Ra8 41. Nxc5+ Bxc5 42. Rxc5 Rxa4 43. Kg5 Rxa2 44. Rc6+ Kd7 45. Rb6 Rf2 46.
c5 Rf3 47. Kg4 Rf2 48. Rh6 Rf1 49. c6+ Ke7 50. c7 1-0

[Event "AUT_chT"]
[Site "2005/2006"]
[Date "2006.03.25"]
[Round "10"]
[White "Fogarasi, Tibor"]
[Black "Ftacnik, Lubomir"]
[Result "0-1"]
[WhiteElo "2481"]
[BlackElo "2606"]
[PlyCount "124"]
[EventDate "2005.10.??"]
[EventType "team"]
[EventRounds "11"]
[EventCountry "AUT"]
[WhiteTeam "Admiral Fuerstenfeld"]
[BlackTeam "Union Ansfelden"]
[WhiteTeamCountry "AUT"]
[BlackTeamCountry "AUT"]

1. e4 c5 2. Nf3 d6 3. d4 cxd4 4. Nxd4 Nf6 5. Nc3 a6 6. f4 Nc6 7. Be3 Bd7 8. Qf3
g6 9. Nd5 Rc8 10. Nxf6+ exf6 11. c3 Bg7 12. O-O-O O-O 13. Kb1 f5 14. exf5 Bxd4
15. Bxd4 Bxf5+ 16. Ka1 Re8 17. Bc4 Be4 18. Qf2 b5 19. Bb3 Qd7 20. Rhe1 Qf5 21.
Bb6 d5 22. Rd2 b4 23. c4 dxc4 24. Bxc4 Na5 25. g4 Qf6 26. Bb3 Qc6 27. Rdd1
Nxb3+ 28. axb3 Bd5 29. Rxe8+ Rxe8 30. Qc5 Qxc5 31. Bxc5 Bxb3 32. Rc1 Re4 33.
Bd6 h6 34. h4 f5 35. gxf5 gxf5 36. Rg1+ Kf7 37. Kb1 Ke6 38. Be5 Re2 39. Kc1
Rc2+ 40. Kb1 Rh2 41. Kc1 Rxh4 42. Kd2 Kd5 43. Ke3 a5 44. Rg6 Rh3+ 45. Kf2 Bc2
46. Kg2 Rh4 47. Kg3 Rh1 48. Ra6 a4 49. Kg2 Rh4 50. Ra8 Kc4 51. Kg3 Rg4+ 52. Kh3
Rg6 53. Ra7 Rb6 54. Kh4 Kb3 55. Bd4 Rc6 56. Bg7 Be4 57. Kh5 Bf3+ 58. Kh4 Rc2
59. Be5 Be4 60. Ra6 Rxb2 61. Bxb2 Kxb2 62. Rxa4 Kc3 0-1

[Event "AUT_chT"]
[Site "2005/2006"]
[Date "2006.03.25"]
[Round "10"]
[White "Kuba, Guenter"]
[Black "Stanec, Nikolaus"]
[Result "1/2-1/2"]
[WhiteElo "2406"]
[BlackElo "2543"]
[PlyCount "24"]
[EventDate "2005.10.??"]
[EventType "team"]
[EventRounds "11"]
[EventCountry "AUT"]
[WhiteTeam "Admiral Fuerstenfeld"]
[BlackTeam "Union Ansfelden"]
[WhiteTeamCountry "AUT"]
[BlackTeamCountry "AUT"]

1. e4 c5 2. Nf3 e6 3. c3 d5 4. exd5 exd5 5. d4 Nc6 6. Bb5 Bd6 7. dxc5 Bxc5 8.
O-O Nge7 9. Nbd2 O-O 10. Nb3 Bb6 11. Re1 Bg4 12. Be3 Bxe3 1/2-1/2

[Event "AUT_chT"]
[Site "2005/2006"]
[Date "2006.03.25"]
[Round "10"]
[White "Weiss, Christian"]
[Black "Gergacz, Attila"]
[Result "1/2-1/2"]
[WhiteElo "2437"]
[BlackElo "2209"]
[PlyCount "107"]
[EventDate "2005.10.??"]
[EventType "team"]
[EventRounds "11"]
[EventCountry "AUT"]
[WhiteTeam "Union Ansfelden"]
[BlackTeam "Admiral Fuerstenfeld"]
[WhiteTeamCountry "AUT"]
[BlackTeamCountry "AUT"]

1. d4 Nf6 2. g3 d5 3. Nf3 Bf5 4. Bg2 e6 5. O-O Be7 6. c4 c6 7. Nc3 O-O 8. b3
Ne4 9. Bb2 Nxc3 10. Bxc3 Be4 11. e3 Nd7 12. Qe2 Bf6 13. Rac1 Re8 14. Rfd1 Qb6
15. Bh3 Bxf3 16. Qxf3 Rad8 17. Qe2 Qc7 18. Be1 Qb8 19. Ba5 b6 20. Be1 Bg5 21.
cxd5 cxd5 22. Qa6 Rc8 23. Bf1 Rc7 24. Bd2 Rec8 25. Qa4 Be7 26. Rb1 Nf6 27. Ba6
Rd8 28. Rbc1 Rdd7 29. f3 Rxc1 30. Rxc1 Rc7 31. Rc6 Qd8 32. Bd3 Rxc6 33. Qxc6 g6
34. b4 Kg7 35. Bb5 Bd6 36. Qb7 Bb8 37. Bc3 Qc7 38. Qxc7 Bxc7 39. Bd3 Ng8 40. e4
f5 41. exd5 exd5 42. Ba6 Kf6 43. Kf2 Ne7 44. a3 h6 45. Ke2 g5 46. Be1 f4 47. g4
Ke6 48. h4 Bd8 49. h5 Kd7 50. Kd3 Ng8 51. Kc2 Nf6 52. Kb3 Be7 53. a4 Kc6 54.
Bd3 1/2-1/2

[Event "AUT_chT"]
[Site "2005/2006"]
[Date "2006.03.25"]
[Round "10"]
[White "Poetz, Florian"]
[Black "Knoll, Hermann"]
[Result "0-1"]
[WhiteElo "2103"]
[BlackElo "2361"]
[PlyCount "74"]
[EventDate "2005.10.??"]
[EventType "team"]
[EventRounds "11"]
[EventCountry "AUT"]
[WhiteTeam "Admiral Fuerstenfeld"]
[BlackTeam "Union Ansfelden"]
[WhiteTeamCountry "AUT"]
[BlackTeamCountry "AUT"]

1. d4 d5 2. Nf3 Nf6 3. Bf4 g6 4. e3 Bg7 5. c4 O-O 6. Bd3 c5 7. cxd5 Nxd5 8. Be5
Bxe5 9. Nxe5 cxd4 10. exd4 Qb6 11. Qd2 Qxd4 12. Nf3 Qb4 13. Nc3 Nxc3 14. bxc3
Qd6 15. Rd1 Nc6 16. Qg5 Qe6+ 17. Kf1 Rd8 18. h4 Rxd3 19. Rxd3 Qc4 20. Qd5 Be6
21. Qxc4 Bxc4 22. Ke2 Bxd3+ 23. Kxd3 Rd8+ 24. Kc4 h6 25. Rb1 Kg7 26. Kc5 Rd7
27. Rb2 f5 28. Re2 Kf6 29. Nd4 Nxd4 30. cxd4 Rc7+ 31. Kb5 e6 32. a4 Rc6 33. a5
Rd6 34. Kc5 Rd5+ 35. Kc4 Rxa5 36. Rb2 b6 37. Re2 e5 0-1

[Event "AUT_chT"]
[Site "2005/2006"]
[Date "2006.03.25"]
[Round "10"]
[White "Rotstein, Arkadij"]
[Black "Bischoff, Klaus"]
[Result "1/2-1/2"]
[WhiteElo "2520"]
[BlackElo "2560"]
[PlyCount "38"]
[EventDate "2005.10.??"]
[EventType "team"]
[EventRounds "11"]
[EventCountry "AUT"]
[WhiteTeam "Tschaturanga Neubau"]
[BlackTeam "Die Klagenfurter"]
[WhiteTeamCountry "AUT"]
[BlackTeamCountry "AUT"]

1. c4 Nf6 2. d4 c5 3. Nf3 cxd4 4. Nxd4 Nc6 5. Nc3 d6 6. e4 e6 7. Be2 Be7 8. O-O
O-O 9. Be3 Bd7 10. f4 Nxd4 11. Qxd4 Bc6 12. Bf3 a6 13. a4 Nd7 14. Qd2 Nc5 15.
Qe2 a5 16. Rfd1 Qc7 17. Nb5 Bxb5 18. cxb5 b6 19. Rac1 Rad8 1/2-1/2

[Event "AUT_chT"]
[Site "2005/2006"]
[Date "2006.03.25"]
[Round "10"]
[White "Horvath, Csaba"]
[Black "Kilgus, Georg"]
[Result "1-0"]
[WhiteElo "2545"]
[BlackElo "2339"]
[PlyCount "65"]
[EventDate "2005.10.??"]
[EventType "team"]
[EventRounds "11"]
[EventCountry "AUT"]
[WhiteTeam "Die Klagenfurter"]
[BlackTeam "Tschaturanga Neubau"]
[WhiteTeamCountry "AUT"]
[BlackTeamCountry "AUT"]

1. d4 Nf6 2. c4 e6 3. Nf3 b6 4. g3 Bb7 5. Bg2 Be7 6. Nc3 Ne4 7. Bd2 f5 8. d5
O-O 9. Qc2 Nd6 10. Bf4 g5 11. Bxd6 cxd6 12. O-O e5 13. b4 Na6 14. Rab1 Nc7 15.
Rfd1 Ne8 16. Nd2 Rc8 17. Qb3 Kh8 18. e3 g4 19. Rdc1 Rf6 20. Qd1 h5 21. f3 Bf8
22. Qe2 Bh6 23. Rf1 Qe7 24. Rf2 Qg7 25. Rbf1 Qg5 26. f4 Qg6 27. Nb5 e4 28. Nxa7
Ra8 29. Nb5 Rxa2 30. Qd1 Bg7 31. Nxe4 Rxf2 32. Nxf2 Rf7 33. Qa4 1-0

[Event "AUT_chT"]
[Site "2005/2006"]
[Date "2006.03.25"]
[Round "10"]
[White "Srienz, Christian"]
[Black "Pilaj, Herwig"]
[Result "1-0"]
[WhiteElo "2233"]
[BlackElo "2403"]
[PlyCount "75"]
[EventDate "2005.10.??"]
[EventType "team"]
[EventRounds "11"]
[EventCountry "AUT"]
[WhiteTeam "Tschaturanga Neubau"]
[BlackTeam "Die Klagenfurter"]
[WhiteTeamCountry "AUT"]
[BlackTeamCountry "AUT"]

1. e4 c5 2. Nf3 Nc6 3. d4 cxd4 4. Nxd4 Nf6 5. Nc3 Qb6 6. Be3 Qa5 7. f3 e6 8.
Qd2 Bb4 9. Nb3 Bxc3 10. bxc3 Qa4 11. Bc5 b6 12. Bd6 Ba6 13. Bd3 O-O-O 14. O-O
Ne8 15. Rfd1 Bxd3 16. Qxd3 Nxd6 17. Qxd6 h5 18. Nd4 h4 19. Rab1 Rh5 20. Rb5
Nxd4 21. Rxh5 Ne2+ 22. Kf2 Nxc3 23. Rd2 Nb1 24. Qd4 Qxa2 25. Re2 f6 26. Rb5 e5
27. Qb4 Na3 28. c4 Qa1 29. Rd5 Qc1 30. Qb3 Nb1 31. Rd1 Qf4 32. Rxb1 Qxh2 33. c5
h3 34. cxb6 d5 35. Rc2+ Kd7 36. Rg1 hxg2 37. Rxg2 Qh4+ 38. Ke2 1-0

[Event "AUT_chT"]
[Site "2005/2006"]
[Date "2006.03.25"]
[Round "10"]
[White "Kleiser, Gregor"]
[Black "Moser, Guenter"]
[Result "1/2-1/2"]
[WhiteElo "2263"]
[BlackElo "2359"]
[PlyCount "197"]
[EventDate "2005.10.??"]
[EventType "team"]
[EventRounds "11"]
[EventCountry "AUT"]
[WhiteTeam "Tschaturanga Neubau"]
[BlackTeam "Die Klagenfurter"]
[WhiteTeamCountry "AUT"]
[BlackTeamCountry "AUT"]

1. e4 c6 2. c4 d5 3. exd5 cxd5 4. d4 Nf6 5. cxd5 g6 6. Nc3 Bg7 7. Be2 O-O 8.
Bf3 Nbd7 9. Nge2 Nb6 10. Nf4 h6 11. O-O Rb8 12. Re1 Re8 13. Qe2 a6 14. Bd2 Bf5
15. Rac1 Qd7 16. h3 h5 17. b3 h4 18. a4 Nh7 19. Ne4 Bxe4 20. Bxe4 Nf6 21. Bb1
Nbxd5 22. Nxd5 Nxd5 23. Qe4 Bf6 24. b4 Rbd8 25. Ba2 Kg7 26. Rc5 e6 27. Rec1
Qxa4 28. Bb1 Qd7 29. Qg4 b6 30. Rc6 Rc8 31. Rxc8 Rxc8 32. Re1 Rc4 33. Re4 Nxb4
34. Qf4 Nd5 35. Qh6+ Kg8 36. Bg5 Rxd4 37. Rxd4 Bxd4 38. Qxh4 Bg7 39. Qe4 b5 40.
h4 Nc3 41. Qa8+ Kh7 42. Bc2 Ne2+ 43. Kf1 Nd4 44. Be4 Nb3 45. g3 Nc5 46. Bc2 Qd4
47. Qf3 f5 48. Bd1 e5 49. Be3 Qd3+ 50. Be2 Qb1+ 51. Kg2 Nd3 52. Bd2 Nc5 53. Qa3
Qc2 54. Be3 Qxe2 55. Bxc5 Qe4+ 56. Kh2 Qa8 57. Bd6 Qc8 58. Qa1 Qc2 59. Kg1 f4
60. Qxa6 fxg3 61. fxg3 Qd1+ 62. Kh2 Qe2+ 63. Kh3 Qf1+ 64. Kh2 Qf2+ 65. Kh3 Qf5+
66. Kh2 Qe6 67. Qb6 Qd7 68. Bc5 Qd2+ 69. Kh3 Qd7+ 70. Kh2 e4 71. Be3 Be5 72.
Qc5 Qd6 73. Qxb5 Bxg3+ 74. Kh3 Bxh4 75. Kxh4 Qh2+ 76. Kg4 Qg2+ 77. Kh4 Qh2+ 78.
Kg4 Qg2+ 79. Kh4 Qh1+ 80. Kg4 Qf3+ 81. Kh4 Qxe3 82. Qe8 Qf4+ 83. Kh3 e3 84. Kg2
Qf2+ 85. Kh3 Qf5+ 86. Kg3 Qf2+ 87. Kh3 Qf1+ 88. Kg3 Qg1+ 89. Kh3 Qh1+ 90. Kg3
Qe1+ 91. Kh3 Qf2 92. Qe7+ Kh6 93. Qg5+ Kg7 94. Qe7+ Qf7 95. Qxe3 Qf5+ 96. Kg3
Kf6 97. Qf4 Ke6 98. Qxf5+ Kxf5 99. Kf3 1/2-1/2

[Event "AUT_chT"]
[Site "2005/2006"]
[Date "2006.03.25"]
[Round "10"]
[White "Genser, Harald"]
[Black "Zsifkovits, Robert"]
[Result "1-0"]
[WhiteElo "2336"]
[BlackElo "2224"]
[PlyCount "95"]
[EventDate "2005.10.??"]
[EventType "team"]
[EventRounds "11"]
[EventCountry "AUT"]
[WhiteTeam "Die Klagenfurter"]
[BlackTeam "Tschaturanga Neubau"]
[WhiteTeamCountry "AUT"]
[BlackTeamCountry "AUT"]

1. d4 Nf6 2. c4 e6 3. Nf3 b6 4. g3 Ba6 5. Qa4 Bb7 6. Bg2 c5 7. dxc5 bxc5 8. O-O
Be7 9. Nc3 O-O 10. Bf4 d6 11. Rfd1 Qb6 12. Rab1 Na6 13. a3 Rfd8 14. Qc2 Rac8
15. Rd2 h6 16. Ne1 Bxg2 17. Nxg2 Nb8 18. Ne4 Nxe4 19. Qxe4 Nc6 20. Be3 Qa6 21.
Qc2 Ne5 22. Rc1 Rb8 23. f4 Ng4 24. h3 Nxe3 25. Nxe3 Bf6 26. Nd1 Rb6 27. Rb1
Rdb8 28. e3 Qb7 29. Rg2 Rb3 30. g4 g6 31. f5 exf5 32. gxf5 g5 33. h4 Qf3 34.
hxg5 hxg5 35. a4 Kg7 36. a5 a6 37. Qf2 Qe4 38. Qc2 Rd3 39. Nf2 Qxg2+ 40. Kxg2
Rxe3 41. Ng4 Reb3 42. Nxf6 Kxf6 43. Qd2 Rd8 44. Rh1 Rbb8 45. Rh6+ Kxf5 46. Qd5+
Kf4 47. Rf6+ Ke3 48. Rf3+ 1-0

[Event "AUT_chT"]
[Site "2005/2006"]
[Date "2006.03.25"]
[Round "10"]
[White "Pavasovic, Dusko"]
[Black "Boensch, Uwe"]
[Result "1/2-1/2"]
[WhiteElo "2535"]
[BlackElo "2538"]
[PlyCount "47"]
[EventDate "2005.10.??"]
[EventType "team"]
[EventRounds "11"]
[EventCountry "AUT"]
[WhiteTeam "Maria Saal"]
[BlackTeam "Sparkasse Jenbach"]
[WhiteTeamCountry "AUT"]
[BlackTeamCountry "AUT"]

1. e4 c5 2. Nf3 d6 3. d4 cxd4 4. Nxd4 Nf6 5. Nc3 e6 6. g4 h6 7. Be3 Nc6 8. f3
a6 9. Qd2 d5 10. exd5 Nxd5 11. Nxd5 Qxd5 12. Bg2 Nxd4 13. Qxd4 Qxd4 14. Bxd4
Bd7 15. f4 Bc6 16. Bxc6+ bxc6 17. O-O-O O-O-O 18. Rhf1 f6 19. Rf3 Bd6 20. Re1
Bc7 21. Bc3 Rhe8 22. h4 Rd5 23. Re4 h5 24. g5 1/2-1/2

[Event "AUT_chT"]
[Site "2005/2006"]
[Date "2006.03.25"]
[Round "10"]
[White "Schlosser, Philipp"]
[Black "Buhmann, Rainer"]
[Result "1/2-1/2"]
[WhiteElo "2560"]
[BlackElo "2546"]
[PlyCount "24"]
[EventDate "2005.10.??"]
[EventType "team"]
[EventRounds "11"]
[EventCountry "AUT"]
[WhiteTeam "Sparkasse Jenbach"]
[BlackTeam "Maria Saal"]
[WhiteTeamCountry "AUT"]
[BlackTeamCountry "AUT"]

1. d4 d5 2. c4 c6 3. Nf3 Nf6 4. e3 a6 5. Bd3 Bg4 6. Nbd2 Nbd7 7. Qc2 dxc4 8.
Nxc4 Bxf3 9. gxf3 c5 10. dxc5 Nxc5 11. Be2 b5 12. Ne5 Rc8 1/2-1/2

[Event "AUT_chT"]
[Site "2005/2006"]
[Date "2006.03.25"]
[Round "10"]
[White "Lehner, Oliver"]
[Black "Ragger, Markus"]
[Result "1/2-1/2"]
[WhiteElo "2408"]
[BlackElo "2451"]
[PlyCount "42"]
[EventDate "2005.10.??"]
[EventType "team"]
[EventRounds "11"]
[EventCountry "AUT"]
[WhiteTeam "Sparkasse Jenbach"]
[BlackTeam "Maria Saal"]
[WhiteTeamCountry "AUT"]
[BlackTeamCountry "AUT"]

1. e4 e5 2. Nf3 Nc6 3. Bb5 a6 4. Ba4 Nf6 5. O-O Be7 6. Re1 b5 7. Bb3 d6 8. c3
O-O 9. h3 Nb8 10. d4 Nbd7 11. Nbd2 Bb7 12. Bc2 Re8 13. a4 Bf8 14. Bd3 c6 15. b3
g6 16. Qc2 Bg7 17. dxe5 dxe5 18. b4 Bf8 19. Nb3 Qc7 20. Na5 Bc8 21. Bd2 c5
1/2-1/2

[Event "AUT_chT"]
[Site "2005/2006"]
[Date "2006.03.25"]
[Round "10"]
[White "Hoelzl, Franz"]
[Black "Schwarz, Michael"]
[Result "0-1"]
[WhiteElo "2364"]
[BlackElo "2398"]
[PlyCount "70"]
[EventDate "2005.10.??"]
[EventType "team"]
[EventRounds "11"]
[EventCountry "AUT"]
[WhiteTeam "Maria Saal"]
[BlackTeam "Sparkasse Jenbach"]
[WhiteTeamCountry "AUT"]
[BlackTeamCountry "AUT"]

1. c4 g6 2. d4 Bg7 3. Nc3 d6 4. Nf3 Nf6 5. Bg5 O-O 6. e3 c5 7. Be2 Nbd7 8. Qc2
a6 9. O-O Rb8 10. Rad1 Qa5 11. a3 Re8 12. d5 b5 13. b4 cxb4 14. axb4 Qxb4 15.
cxb5 axb5 16. Nd4 Qc5 17. Bxf6 Nxf6 18. Bxb5 Bd7 19. Bxd7 Nxd7 20. Ne4 Qxc2 21.
Nxc2 Rb5 22. Ng3 f5 23. e4 Rb2 24. Rc1 Rc8 25. Na3 Rxc1 26. Rxc1 f4 27. Nf1 Nc5
28. Nc4 Re2 29. e5 Bxe5 30. Nxe5 Rxe5 31. Rd1 Ne4 32. h4 Nc3 33. Rd3 Nxd5 34.
Nd2 Nf6 35. Nf3 Rd5 0-1

[Event "AUT_chT"]
[Site "2005/2006"]
[Date "2006.03.25"]
[Round "10"]
[White "Zelcic, Robert"]
[Black "Kindermann, Stefan"]
[Result "0-1"]
[WhiteElo "2514"]
[BlackElo "2535"]
[PlyCount "84"]
[EventDate "2005.10.??"]
[EventType "team"]
[EventRounds "11"]
[EventCountry "AUT"]
[WhiteTeam "Sparkasse Schwarzach"]
[BlackTeam "Holz Dohr - Semriach"]
[WhiteTeamCountry "AUT"]
[BlackTeamCountry "AUT"]

1. e4 e6 2. d4 d5 3. Nc3 Bb4 4. e5 c5 5. dxc5 Ne7 6. Nf3 Nd7 7. Bd3 Nxc5 8. O-O
Nxd3 9. cxd3 O-O 10. a3 Bxc3 11. bxc3 Qc7 12. Bg5 Ng6 13. Re1 Bd7 14. h4 f6 15.
exf6 gxf6 16. Bh6 Rf7 17. Qd2 Kh8 18. h5 Ne7 19. Bf4 Qa5 20. Rab1 Qa6 21. c4
dxc4 22. dxc4 Nc6 23. Rb3 Re8 24. Rd3 Bc8 25. Qc3 Kg8 26. Nd2 Qa5 27. Qa1 Qf5
28. Rf3 e5 29. Bxe5 Qe6 30. Rg3+ Kf8 31. Nf3 Nxe5 32. Nxe5 fxe5 33. Rge3 Rf5
34. g4 Rf4 35. f3 Qf6 36. R1e2 b6 37. Qe1 Bb7 38. Rxe5 Rxe5 39. Rxe5 Bxf3 40.
g5 Rg4+ 41. Kf2 Rg2+ 42. Kf1 Rxg5 0-1

[Event "AUT_chT"]
[Site "2005/2006"]
[Date "2006.03.25"]
[Round "10"]
[White "Kosten, Anthony C"]
[Black "Klinger, Josef"]
[Result "1-0"]
[WhiteElo "2501"]
[BlackElo "2440"]
[PlyCount "31"]
[EventDate "2005.10.??"]
[EventType "team"]
[EventRounds "11"]
[EventCountry "AUT"]
[WhiteTeam "Holz Dohr - Semriach"]
[BlackTeam "Sparkasse Schwarzach"]
[WhiteTeamCountry "AUT"]
[BlackTeamCountry "AUT"]

1. Nf3 c5 2. e4 g6 3. d4 Bg7 4. c4 cxd4 5. Nxd4 Nc6 6. Be3 Nf6 7. Nc3 Ng4 8.
Qxg4 Nxd4 9. Qd1 Nc6 10. Qd2 O-O 11. Be2 d6 12. O-O Qa5 13. Rac1 e5 14. Nb5
Qxa2 15. Ra1 Qb3 16. Nc7 1-0

[Event "AUT_chT"]
[Site "2005/2006"]
[Date "2006.03.25"]
[Round "10"]
[White "Karner, Christoph"]
[Black "Danner, Georg"]
[Result "1/2-1/2"]
[WhiteElo "2338"]
[BlackElo "2402"]
[PlyCount "149"]
[EventDate "2005.10.??"]
[EventType "team"]
[EventRounds "11"]
[EventCountry "AUT"]
[WhiteTeam "Holz Dohr - Semriach"]
[BlackTeam "Sparkasse Schwarzach"]
[WhiteTeamCountry "AUT"]
[BlackTeamCountry "AUT"]

1. d4 e6 2. c4 f5 3. Nc3 Nf6 4. Nf3 Be7 5. Qc2 O-O 6. e3 b6 7. b3 Bb7 8. Bb2
Na6 9. a3 Qe8 10. Be2 Ne4 11. O-O d6 12. b4 Bf6 13. Ne1 Nxc3 14. Bxc3 e5 15.
dxe5 Bxe5 16. Bf3 Be4 17. Qd2 Bxc3 18. Qxc3 Nb8 19. Nd3 Bxf3 20. gxf3 Nd7 21.
Kg2 Qg6+ 22. Kh1 Qh5 23. Kg2 Rf6 24. Nf4 Qf7 25. Rg1 Ne5 26. c5 Re8 27. Rac1
dxc5 28. bxc5 b5 29. Rcd1 c6 30. Rd6 Nc4 31. Rd4 Qe7 32. Kh1 Rf7 33. Nh5 g6 34.
Nf4 Qf6 35. a4 a6 36. axb5 axb5 37. Ra1 Qe5 38. Nd3 Qc7 39. Ra6 Qb7 40. Qa1 Nd2
41. Rb6 Qc7 42. Qd1 Nc4 43. Ra6 Qc8 44. Ra2 Qe6 45. Qa1 g5 46. Ra8 Rxa8 47.
Qxa8+ Kg7 48. Qb8 f4 49. Qd8 fxe3 50. Qxg5+ Qg6 51. Qxg6+ hxg6 52. fxe3 Rxf3
53. e4 Ne3 54. h4 Rh3+ 55. Kg1 Rxh4 56. Rd7+ Kh6 57. e5 Nf5 58. Rc7 Nd4 59. Kf2
Re4 60. Rd7 Kh5 61. Rd6 g5 62. e6 Nxe6 63. Rxc6 Nf4 64. Nxf4+ Rxf4+ 65. Kg3 Rc4
66. Rc8 Rc3+ 67. Kg2 b4 68. Rb8 b3 69. c6 Kh4 70. c7 Rxc7 71. Rxb3 Rc2+ 72. Kg1
g4 73. Ra3 Rb2 74. Rc3 g3 75. Rc8 1/2-1/2

[Event "AUT_chT"]
[Site "2005/2006"]
[Date "2006.03.26"]
[Round "11"]
[White "Markus, Robert"]
[Black "Baklan, Vladimir"]
[Result "1/2-1/2"]
[WhiteElo "2595"]
[BlackElo "2601"]
[PlyCount "85"]
[EventDate "2005.10.??"]
[EventType "team"]
[EventRounds "11"]
[EventCountry "AUT"]
[WhiteTeam "Styria Graz - Kl.Zeitung"]
[BlackTeam "Holz Dohr - Semriach"]
[WhiteTeamCountry "AUT"]
[BlackTeamCountry "AUT"]

1. d4 Nf6 2. c4 e6 3. Nf3 b6 4. Nc3 Bb4 5. Qc2 Bb7 6. a3 Bxc3+ 7. Qxc3 O-O 8.
e3 a5 9. b3 d6 10. Be2 Nbd7 11. O-O c5 12. Bb2 Qe7 13. Rfd1 Rac8 14. d5 Rfe8
15. e4 Qf8 16. Bd3 Ra8 17. Bc2 e5 18. Nh4 Nh5 19. Rf1 Ndf6 20. g3 Bc8 21. Rae1
Bh3 22. Ng2 Qe7 23. f3 Nd7 24. Rf2 Nhf6 25. Ne3 h5 26. f4 Ng4 27. Nxg4 hxg4 28.
Qd2 Ra7 29. Bd1 Qd8 30. Bc3 Rb7 31. Be2 Ra7 32. a4 exf4 33. Qxf4 Ne5 34. Bxe5
Rxe5 35. Bxg4 Bxg4 36. Qxg4 Rae7 37. Rfe2 Qe8 38. Kf2 f6 39. Qf3 Qd7 40. Kg2
Qe8 41. Kf2 Qd7 42. Kg2 Qe8 43. Kf2 1/2-1/2

[Event "AUT_chT"]
[Site "2005/2006"]
[Date "2006.03.26"]
[Round "11"]
[White "Kindermann, Stefan"]
[Black "Shengelia, Davit"]
[Result "1/2-1/2"]
[WhiteElo "2535"]
[BlackElo "2562"]
[PlyCount "97"]
[EventDate "2005.10.??"]
[EventType "team"]
[EventRounds "11"]
[EventCountry "AUT"]
[WhiteTeam "Holz Dohr - Semriach"]
[BlackTeam "Styria Graz - Kl.Zeitung"]
[WhiteTeamCountry "AUT"]
[BlackTeamCountry "AUT"]

1. e4 c5 2. d3 Nc6 3. f4 g6 4. Nf3 Bg7 5. g3 d6 6. Bg2 e6 7. O-O Nge7 8. c3 O-O
9. Be3 Bd7 10. Na3 a6 11. d4 cxd4 12. Nxd4 Qc7 13. Qd2 Rad8 14. Rad1 Bc8 15.
Nb3 b5 16. Qf2 Qb8 17. Bb6 Rd7 18. Nc2 Rb7 19. Be3 b4 20. Nxb4 Nxb4 21. cxb4
Rxb4 22. e5 d5 23. Bc5 Rb7 24. Bd6 Qa8 25. Nc5 Ra7 26. Rd3 Re8 27. g4 Bd7 28.
Nxd7 Rxd7 29. Rc1 Bf8 30. Rdc3 Rdd8 31. Rc7 Rc8 32. Bf1 d4 33. Bg2 Nd5 34. Qxd4
Rxc7 35. Rxc7 Qd8 36. Rc6 Qh4 37. Bxd5 exd5 38. Qd1 Bh6 39. g5 Bg7 40. Qf3 Qe1+
41. Kg2 h6 42. Rc2 Qb1 43. Rf2 Qf5 44. gxh6 Bxh6 45. Qh3 Qe4+ 46. Qf3 Qf5 47.
Qh3 Qe4+ 48. Qf3 Qf5 49. Qh3 1/2-1/2

[Event "AUT_chT"]
[Site "2005/2006"]
[Date "2006.03.26"]
[Round "11"]
[White "Freitag, Manfred"]
[Black "Balinov, Ilija"]
[Result "1/2-1/2"]
[WhiteElo "2419"]
[BlackElo "2455"]
[PlyCount "37"]
[EventDate "2005.10.??"]
[EventType "team"]
[EventRounds "11"]
[EventCountry "AUT"]
[WhiteTeam "Holz Dohr - Semriach"]
[BlackTeam "Styria Graz - Kl.Zeitung"]
[WhiteTeamCountry "AUT"]
[BlackTeamCountry "AUT"]

1. d4 d5 2. Nf3 c6 3. e3 Bf5 4. Bd3 e6 5. O-O Nd7 6. b3 Ngf6 7. Bb2 Bg4 8. Nbd2
Bb4 9. c3 Bd6 10. c4 Qb8 11. h3 Bh5 12. e4 dxe4 13. Nxe4 Nxe4 14. Bxe4 O-O 15.
Re1 Nf6 16. Bd3 Bb4 17. Re5 Bd6 18. Re1 Bb4 19. Re5 1/2-1/2